[Event "PRO League Prelim"]
[Site "Chess.com INT"]
[Date "2023.03.02"]
[Round "3.2"]
[White "Adhiban, Baskaran"]
[Black "Foisor, Sabina Francesca"]
[Result "1-0"]
[WhiteElo "2610"]
[BlackElo "2185"]
[PlyCount "91"]
[EventDate "2023.02.14"]
[EventType "team-swiss (rapid)"]
[EventRounds "5"]
[EventCountry "USA"]
[SourceTitle "CBM 213 Extra"]
[Source "ChessBase"]
[SourceDate "2023.05.31"]
[SourceVersion "1"]
[SourceVersionDate "2023.05.31"]
[SourceQuality "1"]
[WhiteTeam "MGD1"]
[BlackTeam "California Unicorns"]
[WhiteTeamCountry "IND"]
[BlackTeamCountry "USA"]

1. e4 c6 2. Nf3 d5 3. Nc3 Bg4 4. Be2 e6 5. d4 Bb4 6. h3 Bh5 7. 0-0 Ne7 8. e5 Nd7 9. Ng5 Bg6 10. Bd3 Nf8 11. Ne2 h6 12. Nf3 Nf5 13. Nf4 Nh4 14. Nxh4 Qxh4 15. g3 Qe7 16. Nxg6 Nxg6 17. Qh5 Nf8 18. c3 Ba5 19. b4 Bc7 20. a4 g6 21. Qf3 h5 22. h4 Nh7 23. b5 c5 24. Ba3 b6 25. c4 0-0 26. cxd5 exd5 27. Rac1 Rfe8 28. Rfe1 Rad8 29. dxc5 bxc5 30. Bxc5 Qd7 31. Bd4 Nf8 32. Rc6 Re6 33. Rec1 Bxe5 34. Bxe5 Rxe5 35. Rc7 Qe6 36. Rxa7 Re1+ 37. Rxe1 Qxe1+ 38. Kg2 Qe6 39. b6 Nd7 40. b7 Ne5 41. Ra8 Nxf3 42. Rxd8+ Kg7 43. b8Q Nxh4+ 44. gxh4 Qg4+ 45. Qg3 Qxa4 46. Qe5+ 1-0

[Event "PRO League Prelim"]
[Site "Chess.com INT"]
[Date "2023.03.02"]
[Round "3.1"]
[White "Foisor, Sabina Francesca"]
[Black "Erigaisi, Arjun Kumar"]
[Result "0-1"]
[WhiteElo "2185"]
[BlackElo "2701"]
[PlyCount "98"]
[EventDate "2023.02.14"]
[EventType "team-swiss (rapid)"]
[EventRounds "5"]
[EventCountry "USA"]
[SourceTitle "CBM 213 Extra"]
[Source "ChessBase"]
[SourceDate "2023.05.31"]
[SourceVersion "1"]
[SourceVersionDate "2023.05.31"]
[SourceQuality "1"]
[WhiteTeam "California Unicorns"]
[BlackTeam "MGD1"]
[WhiteTeamCountry "USA"]
[BlackTeamCountry "IND"]

1. d4 Nf6 2. c4 d6 3. Nf3 Nbd7 4. Bg5 h6 5. Bh4 e5 6. e3 Be7 7. Be2 0-0 8. Nc3 Re8 9. Qc2 exd4 10. exd4 Nf8 11. 0-0 Ng6 12. Bg3 Nh5 13. Rfe1 c6 14. Rad1 Ngf4 15. Bf1 Bg4 16. Re3 Bf6 17. Rxe8+ Qxe8 18. Re1 Qd7 19. Ne4 Be7 20. Nfd2 Bf5 21. Qd1 Rd8 22. Nc3 Nxg3 23. hxg3 Ne6 24. d5 Nd4 25. dxc6 bxc6 26. Nde4 Ne6 27. g4 Bg6 28. g3 d5 29. cxd5 cxd5 30. Nd2 d4 31. Nce4 d3 32. Nb3 Qb7 33. Bg2 Qa6 34. a3 Qb6 35. Re3 Ng5 36. Nbd2 Qxb2 37. Nxg5 Bxg5 38. f4 Qb6 39. Nc4 Qd4 40. fxg5 Qxc4 41. Qd2 hxg5 42. Kh2 Qxg4 43. Qa5 Qd4 44. Re1 d2 45. Rd1 Bc2 46. Rf1 d1Q 47. Rxd1 Bxd1 48. Qxg5 Qd2 49. Qh4 Bf3 0-1

[Event "PRO League Prelim"]
[Site "Chess.com INT"]
[Date "2023.02.16"]
[Round "1.3"]
[White "Daneshvar, Bardiya"]
[Black "Foisor, Sabina Francesca"]
[Result "1-0"]
[WhiteElo "2510"]
[BlackElo "2185"]
[PlyCount "87"]
[EventDate "2023.02.14"]
[EventType "team-swiss (rapid)"]
[EventRounds "5"]
[EventCountry "USA"]
[SourceTitle "CBM 212 Extra"]
[Source "ChessBase"]
[SourceDate "2023.03.31"]
[SourceVersion "1"]
[SourceVersionDate "2023.03.31"]
[SourceQuality "1"]
[WhiteTeam "Croatia Bulldogs"]
[BlackTeam "California Unicorns"]
[WhiteTeamCountry "CRO"]
[BlackTeamCountry "USA"]

1. Nf3 d5 2. g3 Nf6 3. Bg2 Bf5 4. 0-0 Nbd7 5. d3 c6 6. Nc3 h6 7. e4 Bg4 8. h3 Bxf3 9. Bxf3 e6 10. Bg2 Be7 11. Qe2 d4 12. Nb1 Qc7 13. Nd2 e5 14. f4 0-0-0 15. Nc4 Bd6 16. a4 Rde8 17. f5 Nb6 18. Nd2 Kb8 19. a5 Nc8 20. Nc4 Rd8 21. Bd2 Be7 22. Nxe5 Bd6 23. Nc4 Bxg3 24. e5 Nd5 25. Rf3 Bh4 26. Qe4 Bg5 27. Be1 Be3+ 28. Kh1 g5 29. Bg3 Bf4 30. Bxf4 Nxf4 31. a6 Nb6 32. Nd6 f6 33. Nxb7 Rd5 34. exf6 Re5 35. Qxd4 Rf8 36. Rxf4 gxf4 37. Na5 Rxf6 38. Qc3 c5 39. b4 f3 40. Bxf3 Rexf5 41. Bg2 Rf2 42. Qe1 Rf8 43. Nc6+ Ka8 44. Qe4 1-0

[Event "PRO League Prelim"]
[Site "Chess.com INT"]
[Date "2023.02.16"]
[Round "1.1"]
[White "Foisor, Sabina Francesca"]
[Black "Deac, Bogdan Daniel"]
[Result "0-1"]
[WhiteElo "2185"]
[BlackElo "2700"]
[PlyCount "116"]
[EventDate "2023.02.14"]
[EventType "team-swiss (rapid)"]
[EventRounds "5"]
[EventCountry "USA"]
[SourceTitle "CBM 212 Extra"]
[Source "ChessBase"]
[SourceDate "2023.03.31"]
[SourceVersion "1"]
[SourceVersionDate "2023.03.31"]
[SourceQuality "1"]
[WhiteTeam "California Unicorns"]
[BlackTeam "Croatia Bulldogs"]
[WhiteTeamCountry "USA"]
[BlackTeamCountry "CRO"]

1. d4 g6 2. Nf3 Bg7 3. e4 d6 4. Be2 Nc6 5. d5 Nb8 6. 0-0 Nf6 7. Nc3 0-0 8. Re1 c6 9. h3 b5 10. a3 a6 11. Bg5 Bb7 12. Qd2 cxd5 13. exd5 Nbd7 14. Rad1 Nb6 15. Nd4 Rc8 16. Bf3 Nc4 17. Qc1 Ne5 18. Be4 Rc4 19. Qe3 Qc7 20. f4 Ned7 21. Nc6 Bxc6 22. dxc6 Nb6 23. Bxf6 Bxf6 24. Bd5 Rxc3 25. bxc3 Nxd5 26. Rxd5 Qxc6 27. Rd3 Rc8 28. Kh1 e6 29. c4 bxc4 30. Rdd1 d5 31. Rb1 Be7 32. Qb6 Bxa3 33. Qxc6 Rxc6 34. Rb8+ Kg7 35. Ra1 Bc5 36. Ra8 Be3 37. R8xa6 Rxa6 38. Rxa6 Bxf4 39. Kg1 h5 40. Kf2 h4 41. Kf3 g5 42. Rc6 Kf6 43. Rc8 Kf5 44. Rf8 f6 45. Rd8 Ke5 46. Rd7 Kd4 47. Rf7 Be5 48. Re7 Kc3 49. Rxe6 Kxc2 50. Rc6 Kd3 51. Rc5 d4 52. Kf2 Bg3+ 53. Kf3 c3 54. Rc6 c2 55. Kg4 Bf4 56. Kf5 c1Q 57. Rxc1 Bxc1 58. Kxf6 Ke4 0-1

[Event "Titled Tuesday intern op 27th Dec Late"]
[Site "Chess.com INT"]
[Date "2022.12.27"]
[Round "11"]
[White "Bochnicka, Vladimir1111"]
[Black "Foisor, Sabina Francesca"]
[Result "1-0"]
[WhiteElo "2367"]
[BlackElo "2196"]
[PlyCount "63"]
[EventDate "2022.12.27"]
[EventType "swiss (blitz)"]
[EventRounds "11"]
[EventCountry "USA"]
[SourceTitle "EXT 2024"]
[Source "ChessBase"]
[SourceDate "2023.10.10"]
[SourceVersion "1"]
[SourceVersionDate "2023.10.10"]
[SourceQuality "1"]

1. e4 c6 2. d4 d5 3. e5 g6 4. c4 Bg7 5. Nc3 h5 6. Nf3 Nh6 7. Bxh6 Bxh6 8. cxd5 cxd5 9. Qb3 e6 10. Bd3 Nc6 11. 0-0 0-0 12. a3 a6 13. Qc2 b5 14. Bxg6 fxg6 15. Qxg6+ Bg7 16. Ng5 Rf5 17. Nxe6 Bxe6 18. Qxe6+ Rf7 19. Qxc6 Rc8 20. Qxd5 Qg5 21. e6 Rf5 22. Qd7 Rff8 23. Ne4 Qd8 24. Qxd8 Rfxd8 25. e7 Rxd4 26. Rad1 Re8 27. Rxd4 Bxd4 28. Rd1 Bb6 29. Nf6+ Kf7 30. Nxe8 Kxe8 31. Re1 Bc5 32. g3 1-0

[Event "Titled Tuesday intern op 27th Dec Late"]
[Site "Chess.com INT"]
[Date "2022.12.27"]
[Round "10"]
[White "Foisor, Sabina Francesca"]
[Black "Curtis, John"]
[Result "1-0"]
[WhiteElo "2196"]
[BlackElo "2292"]
[PlyCount "107"]
[EventDate "2022.12.27"]
[EventType "swiss (blitz)"]
[EventRounds "11"]
[EventCountry "USA"]
[SourceTitle "EXT 2024"]
[Source "ChessBase"]
[SourceDate "2023.10.10"]
[SourceVersion "1"]
[SourceVersionDate "2023.10.10"]
[SourceQuality "1"]

1. d4 Nf6 2. c4 c6 3. Nf3 d5 4. Nbd2 g6 5. e3 Bg7 6. Be2 0-0 7. 0-0 Bg4 8. h3 Bxf3 9. Nxf3 dxc4 10. Bxc4 Nbd7 11. Rb1 a5 12. b3 Nd5 13. Bb2 b5 14. Be2 e6 15. Rc1 Qb6 16. a3 Rac8 17. Qd2 c5 18. e4 N5f6 19. Qe3 cxd4 20. Bxd4 Qb7 21. Nd2 Rxc1 22. Rxc1 e5 23. Bb2 Rb8 24. b4 axb4 25. axb4 Bf8 26. Bc3 h5 27. Bd3 Kh7 28. Nf3 Bh6 29. Ng5+ Bxg5 30. Qxg5 Nxe4 31. Bxe4 Qxe4 32. Bd2 Qf5 33. Qh6+ Kg8 34. Rc7 Nf6 35. Qe3 Nd5 36. Qa7 Rf8 37. Rb7 Qb1+ 38. Kh2 Qd3 39. Bh6 Qf5 40. Bxf8 Kxf8 41. Rb8+ Kg7 42. Rxb5 Nf4 43. Qe3 f6 44. Rb7+ Kh6 45. b5 h4 46. b6 Qc8 47. Rc7 Qa8 48. b7 Qb8 49. Rf7 Kg5 50. Qf3 Kf5 51. Qg4+ Ke4 52. Rxf6 Qd8 53. Qf3+ Kd4 54. Rc6 1-0